000 00996nam a2200265Ia 4500
003 OSt
005 20221005103457.0
006 a|||||r|||| 00| 0
007 ta
008 221004b |||||||| |||| 00| 0 hin d
020 _a9789381951170 (hbk)
_c995
024 _a21871
037 _b287, 11/03/2015, Eastern Book Linkers
_cTextual
040 _aCRL
_cCRL
_bhin
041 _2hin
_ahin
082 _aR66xK00,AM, 152Q4
100 _aमधुसूदन सरस्वती
245 0 _aआनन्द - मन्दाकिनी
246 _aĀnanda - mandākinī
260 _aजयपुर
_bम. स. मानसिंह द्वितीय संग्रहालय ट्रस्ट भारत
_c2014
300 _a256पृ0
_ccm.
650 _aभारतीय दर्शन
942 _hR66xK00,AM, 152Q4
_cTEXL
_2cc
999 _c1010138
_d1010138